[Event "?"]
[Site "ICS Rated blitz match, 192.23"]
[Date "1997.??.??"]
[Round "?"]
[White "Brause"]
[Black "oldtimer"]
[Result "0-1"]
[WhiteElo "2570"]
[BlackElo "2670"]
[PlyCount "56"]

1. e4 e5 2. Nf3 Nc6 3. Nc3 Nf6 4. Nxe5 Nxe5 5. d4 Ng6 6. e5 Ng8 7. Bc4 d5 8.
Bxd5 c6 9. Be4 f5 10. Bf3 Bb4 11. O-O N8e7 12. Na4 O-O 13. c3 Ba5 14. b4 Bb6
15. Qb3+ Kh8 16. Nxb6 axb6 17. Qc2 b5 18. Bg5 h6 19. Bd2 Be6 20. g3 Ra4 21. h4
Nd5 22. Bg2 Nb6 23. Bc1 Qd7 24. Re1 Rfa8 25. a3 Ne7 26. Qd3 Nc4 27. Bf3 Nxa3
28. Bd1 R4a6 0-1

[Event "?"]
[Site "ICS Rated blitz match, 192.23"]
[Date "1997.??.??"]
[Round "?"]
[White "Brause"]
[Black "oldtimer"]
[Result "1-0"]
[WhiteElo "2560"]
[BlackElo "2700"]
[PlyCount "57"]

1. e4 e5 2. Nf3 Nc6 3. Nc3 Nf6 4. Nxe5 Nxe5 5. d4 Ng6 6. e5 Ng8 7. Bc4 d5 8.
Bxd5 c6 9. Be4 f5 10. Bf3 Bb4 11. O-O N8e7 12. Ne2 Be6 13. c3 Ba5 14. Bg5 Qd7
15. Qa4 Bb6 16. g3 h5 17. h4 Bd5 18. Bxd5 cxd5 19. Qc2 Rc8 20. Qd3 Qe6 21. Rad1
a6 22. Qf3 Nc6 23. Rd3 Nce7 24. Rdd1 Rc7 25. Rd3 Ba7 26. Re1 Kf7 27. Nc1 Nc8
28. Nb3 Nf8 29. Bd8 1-0

[Event "?"]
[Site "ICS Rated blitz match, 192.23"]
[Date "1997.??.??"]
[Round "?"]
[White "Brause"]
[Black "oldtimer"]
[Result "1/2-1/2"]
[WhiteElo "2580"]
[BlackElo "2675"]
[PlyCount "81"]

1. e4 e5 2. Nf3 Nc6 3. Nc3 Nf6 4. Nxe5 Nxe5 5. d4 Ng6 6. e5 Ng8 7. Bc4 d5 8.
Bxd5 c6 9. Be4 f5 10. Bf3 Bb4 11. O-O N8e7 12. Ne2 Be6 13. c3 Ba5 14. Bg5 Qd7
15. Qa4 Bb6 16. g3 h5 17. h4 Bd5 18. Bxd5 cxd5 19. Qc2 Rc8 20. Qd3 Rc6 21. a4
a6 22. Qf3 Kf7 23. b3 Qe6 24. Bxe7 Kxe7 25. c4 Rd8 26. c5 Ba5 27. Qxh5 Bd2 28.
Rad1 Bh6 29. b4 f4 30. b5 axb5 31. axb5 Rcc8 32. b6 Rf8 33. Qf3 fxg3 34. Qxg3
Qf5 35. Nc3 Ke6 36. Nxd5 Kxd5 37. Qb3+ Kc6 38. Qa4+ Kd5 39. Qb3+ Kc6 40. Qa4+
Kd5 41. Qb3+ 1/2-1/2

[Event "?"]
[Site "ICS Rated blitz match, 192.23"]
[Date "1997.??.??"]
[Round "?"]
[White "Brause"]
[Black "Buffos"]
[Result "0-1"]
[WhiteElo "2615"]
[BlackElo "2585"]
[PlyCount "103"]

1. e4 e5 2. Nf3 Nc6 3. Nc3 Nf6 4. Nxe5 Nxe5 5. d4 Ng6 6. e5 Ng8 7. Bc4 Bb4 8.
Qf3 Qe7 9. O-O Bxc3 10. bxc3 Nh6 11. g3 O-O 12. Qh5 d5 13. exd6 Qxd6 14. Bxh6
gxh6 15. Qf3 Bh3 16. Rfb1 Rab8 17. Rxb7 Rxb7 18. Qxb7 Qb6 19. Qf3 Qb2 20. Re1
Qxc2 21. Qd3 Qxd3 22. Bxd3 Rb8 23. f4 Kg7 24. f5 Nh8 25. Kf2 Rb2+ 26. Re2 Rxe2+
27. Bxe2 Bxf5 28. Ke3 Ng6 29. a3 Kf6 30. Kd2 Ne7 31. Bf3 Ke6 32. c4 Kd6 33. Kc3
c5 34. d5 Nc8 35. Bh5 Bg6 36. Bg4 f5 37. Bf3 Ke5 38. Be2 Nd6 39. Bf1 h5 40. Bg2
h4 41. gxh4 f4 42. a4 Be4 43. Bf1 f3 44. h5 a5 45. h6 Bf5 46. Kd2 Kd4 47. h3
Nxc4+ 48. Bxc4 Kxc4 49. Ke3 Kxd5 50. Kxf3 c4 51. Ke3 c3 52. Ke2 0-1

[Event "?"]
[Site "ICS Rated blitz match, 192.23"]
[Date "1997.??.??"]
[Round "?"]
[White "Brause"]
[Black "Buffos"]
[Result "1/2-1/2"]
[WhiteElo "2580"]
[BlackElo "2615"]
[PlyCount "129"]

1. e4 e5 2. Nf3 Nc6 3. Nc3 Nf6 4. Nxe5 Nxe5 5. d4 Ng6 6. e5 Ng8 7. Bc4 Bb4 8.
Qf3 Qe7 9. O-O Bxc3 10. bxc3 Nh6 11. g3 O-O 12. a4 d6 13. exd6 cxd6 14. Bxh6
gxh6 15. Bd5 Rb8 16. Rfb1 b6 17. Bc4 Bh3 18. Qh5 Qd7 19. Bb5 Qg4 20. Qxh6 Ne7
21. f3 Qe6 22. Qg5+ Ng6 23. Qh6 Nh4 24. Qf4 Nf5 25. Re1 Qh6 26. Qxh6 Nxh6 27.
a5 Rfc8 28. axb6 Rxb6 29. Bd3 Rxc3 30. Ra5 Be6 31. g4 d5 32. Rxa7 Rb4 33. Re5
Kf8 34. Ra8+ Kg7 35. Rg5+ Kf6 36. Rh5 Rxd3 37. cxd3 Kg6 38. h4 f6 39. Ra6 Nxg4
40. fxg4 Rxd4 41. Rxh7 Rxg4+ 42. Kf2 Kxh7 43. Rxe6 Kg7 44. h5 Rh4 45. Rd6 Rxh5
46. Ke3 Re5+ 47. Kd4 Kf7 48. Kc5 Ke7 49. d4 Re1 50. Kxd5 f5 51. Rc6 f4 52. Rc3
Kf6 53. Kc6 Re6+ 54. Kc7 Re3 55. Rc6+ Kf5 56. d5 f3 57. Rc1 f2 58. Rf1 Ke4 59.
d6 Kf3 60. d7 Rc3+ 61. Kd6 Rd3+ 62. Ke7 Ke2 63. d8=Q Rxd8 64. Rxf2+ Kxf2 65.
Kxd8 1/2-1/2

[Event "?"]
[Site "ICS Rated blitz match, 192.23"]
[Date "1997.??.??"]
[Round "?"]
[White "Brause"]
[Black "cbc"]
[Result "1-0"]
[WhiteElo "2610"]
[BlackElo "2540"]
[PlyCount "92"]

1. e4 e5 2. Nf3 Nc6 3. Nc3 Nf6 4. Nxe5 Nxe5 5. d4 Nc6 6. d5 Na5 7. e5 Qe7 8.
Qe2 Ng8 9. d6 Qh4 10. Ne4 h5 11. h3 Qd8 12. Nf6+ gxf6 13. exf6+ Ne7 14. dxe7
Bxe7 15. Bg5 Nc6 16. fxe7 Nxe7 17. O-O-O d6 18. Re1 Be6 19. Qb5+ Qd7 20. Qxb7
O-O 21. Qf3 h4 22. Bxh4 Ng6 23. Bf6 Qa4 24. a3 Bd5 25. Qf5 Rfe8 26. Rxe8+ Rxe8
27. Qxd5 Qf4+ 28. Kb1 Qxf6 29. Bd3 Ne5 30. Rf1 Rb8 31. b3 c6 32. Qe4 Qg7 33.
Re1 f6 34. Qd4 Qc7 35. Re3 Rd8 36. Qh4 Rd7 37. Rg3+ Kf8 38. Qh6+ Ke7 39. Bf5
Qa5 40. Rg7+ Kd8 41. Qxf6+ Kc8 42. Qxd6 Qc7 43. Qe7 a6 44. f4 Kb8 45. Bxd7 Nxd7
46. Qxd7 Qxd7 1-0

[Event "?"]
[Site "ICS Rated blitz match, 192.23"]
[Date "1997.??.??"]
[Round "?"]
[White "Brause"]
[Black "GeorgeJohn"]
[Result "1-0"]
[WhiteElo "2620"]
[BlackElo "2330"]
[PlyCount "41"]

1. e4 e5 2. Nf3 Nc6 3. Nc3 Nf6 4. Nxe5 Nxe5 5. d4 Nc6 6. d5 Ne5 7. f4 Ng6 8. e5
Ng8 9. d6 cxd6 10. exd6 Qh4+ 11. g3 Qf6 12. Nb5 Kd8 13. Be3 b6 14. Nxa7 Rxa7
15. Bxb6+ Ke8 16. Bxa7 Qxd6 17. Qxd6 Bxd6 18. Bg2 Nf6 19. O-O-O Be7 20. Rhe1
Kf8 21. f5 1-0

[Event "?"]
[Site "ICS Rated blitz match, 192.23"]
[Date "1997.??.??"]
[Round "?"]
[White "Brause"]
[Black "GeorgeJohn"]
[Result "1-0"]
[WhiteElo "2625"]
[BlackElo "2325"]
[PlyCount "43"]

1. e4 e5 2. Nf3 Nc6 3. Nc3 Nf6 4. Nxe5 Nxe5 5. d4 Nc6 6. d5 Ne5 7. f4 Ng6 8. e5
Ng8 9. d6 cxd6 10. exd6 Qh4+ 11. g3 Qf6 12. Nb5 Kd8 13. Be3 b6 14. Nxa7 Qxb2
15. Rb1 Qc3+ 16. Kf2 Bxd6 17. Nb5 Qc6 18. Nxd6 Qxh1 19. Bxb6+ Ke7 20. Qe1+ Kf6
21. Ne8+ Kf5 22. Bh3# 1-0

[Event "?"]
[Site "ICS Rated blitz match, 192.23"]
[Date "1997.??.??"]
[Round "?"]
[White "Brause"]
[Black "GeorgeJohn"]
[Result "1/2-1/2"]
[WhiteElo "2630"]
[BlackElo "2320"]
[PlyCount "44"]

1. e4 e5 2. Nf3 Nc6 3. Nc3 Nf6 4. Nxe5 Nxe5 5. d4 Nc6 6. d5 Ne5 7. f4 Ng6 8. e5
Ng8 9. d6 cxd6 10. exd6 Qh4+ 11. g3 Qf6 12. Nb5 Kd8 13. Be3 b6 14. Nxa7 Qxb2
15. Rb1 Qxa2 16. Bxb6+ Ke8 17. Nb5 Rb8 18. Nc7+ Kd8 19. Ne6+ Ke8 20. Nc7+ Kd8
21. Ne6+ Ke8 22. Nc7+ Kd8 1/2-1/2

[Event "?"]
[Site "ICS Rated blitz match, 192.23"]
[Date "1997.??.??"]
[Round "?"]
[White "Brause"]
[Black "GeorgeJohn"]
[Result "1/2-1/2"]
[WhiteElo "2620"]
[BlackElo "2330"]
[PlyCount "43"]

1. e4 e5 2. Nf3 Nc6 3. Nc3 Nf6 4. Nxe5 Nxe5 5. d4 Nc6 6. d5 Ne5 7. f4 Ng6 8. e5
Ng8 9. d6 cxd6 10. exd6 Qh4+ 11. g3 Qf6 12. Nb5 Kd8 13. Be3 b6 14. Nxa7 Qxb2
15. Rb1 Qxa2 16. Bxb6+ Ke8 17. Nb5 Rb8 18. Nc7+ Kd8 19. Ne6+ Ke8 20. Nc7+ Kd8
21. Ne6+ Ke8 22. Nc7+ 1/2-1/2

[Event "?"]
[Site "ICS Rated blitz match, 192.23"]
[Date "1997.??.??"]
[Round "?"]
[White "Brause"]
[Black "KillerGrob"]
[Result "1-0"]
[WhiteElo "2560"]
[BlackElo "2655"]
[PlyCount "151"]

1. e4 e5 2. Nf3 Nc6 3. Nc3 Nf6 4. Nxe5 Nxe5 5. d4 Nc6 6. d5 Ne5 7. f4 Ng6 8. e5
Ng8 9. d6 cxd6 10. exd6 Qh4+ 11. g3 Qf6 12. Nb5 Rb8 13. Be3 b6 14. Bd4 Qf5 15.
Bd3 Qh3 16. Qe2+ Kd8 17. f5 Nh4 18. gxh4 Qxh4+ 19. Qf2 Qxf2+ 20. Bxf2 Nf6 21.
Nxa7 Bxd6 22. O-O-O Bf4+ 23. Kb1 Ng4 24. Bh4+ Kc7 25. Rdg1 h5 26. Nxc8 Rhxc8
27. h3 Ne5 28. Rxg7 Rg8 29. Rxg8 Rxg8 30. Be2 Nc6 31. Re1 d5 32. Rf1 Be5 33.
Bf3 Nd4 34. Bxd5 Nxf5 35. Be1 Nd6 36. Bxf7 Nxf7 37. Rxf7+ Kc6 38. Rf5 Bd6 39.
Kc1 Rg1 40. Kd2 Bb4+ 41. c3 Bd6 42. Bf2 Rg2 43. Ke2 Rh2 44. Rxh5 Bc5 45. Rf5
Bxf2 46. Rxf2 Rxh3 47. a4 Kd5 48. Kd2 Rg3 49. b4 Kc4 50. Rf6 Rd3+ 51. Ke2 Rxc3
52. Rxb6 Kd4 53. a5 Rc2+ 54. Kf3 Rc8 55. a6 Rf8+ 56. Kg3 Rg8+ 57. Kf4 Rf8+ 58.
Kg5 Rg8+ 59. Kf5 Rf8+ 60. Rf6 Rh8 61. Rc6 Kd3 62. Rc7 Rh5+ 63. Kg6 Rh8 64. b5
Rg8+ 65. Rg7 Rb8 66. a7 Rb6+ 67. Kh7 Rxb5 68. a8=Q Rh5+ 69. Kg6 Rb5 70. Rd7+
Kc3 71. Qa3+ Kc2 72. Qd3+ Kb2 73. Qxb5+ Kc2 74. Qc5+ Kb3 75. Rb7+ Ka2 76. Qa7#
1-0

[Event "?"]
[Site "ICS Rated blitz match, 192.23"]
[Date "1997.??.??"]
[Round "?"]
[White "Brause"]
[Black "KillerGrob"]
[Result "1-0"]
[WhiteElo "2585"]
[BlackElo "2635"]
[PlyCount "93"]

1. e4 e5 2. Nf3 Nc6 3. Nc3 Nf6 4. Nxe5 Nxe5 5. d4 Nc6 6. d5 Ne5 7. f4 Ng6 8. e5
Ng8 9. d6 Qh4+ 10. g3 Qd8 11. Nb5 cxd6 12. exd6 Bxd6 13. Nxd6+ Kf8 14. Bg2 Qb6
15. Qd5 Nh6 16. Nc4 Qb4+ 17. Bd2 Qe7+ 18. Ne3 Ng4 19. Qe4 d6 20. O-O Nxe3 21.
Qxe3 Bf5 22. Rac1 Qc7 23. Qd4 Ne7 24. Bb4 Nc8 25. Bc3 Rg8 26. Qd5 Ne7 27. Qxb7
Qc5+ 28. Kh1 Rd8 29. Rfd1 Bg4 30. Bb4 Qe3 31. Re1 Be2 32. Rxe2 Qxe2 33. Re1
Qxe1+ 34. Bxe1 Rc8 35. Bb4 g5 36. Bxd6 Re8 37. f5 Kg7 38. Bxe7 h5 39. Qxa7 Kh6
40. Bd5 Kg7 41. Bxf7 Ra8 42. Qb6 Kh7 43. Bg6+ Kh6 44. Qf6 h4 45. Qxg5+ Kg7 46.
f6+ Kh8 47. Qxh4# 1-0

[Event "?"]
[Site "ICS Rated blitz match, 192.23"]
[Date "1997.??.??"]
[Round "?"]
[White "Brause"]
[Black "GeorgeJohn"]
[Result "0-1"]
[WhiteElo "2600"]
[BlackElo "2340"]
[PlyCount "61"]

1. e4 e5 2. Nf3 Nc6 3. Nc3 Nf6 4. Nxe5 Nxe5 5. d4 Nc6 6. d5 Ne5 7. f4 Ng6 8. e5
Ng8 9. d6 cxd6 10. exd6 Qh4+ 11. g3 Qf6 12. Nb5 Kd8 13. Be3 b6 14. Nxa7 Qxb2
15. Rb1 Qxa2 16. Bxb6+ Ke8 17. Nb5 Rb8 18. Qd4 Qxb1+ 19. Kd2 Be7 20. dxe7 N6xe7
21. Nd6+ Kf8 22. Nxf7 Rxb6 23. Nxh8 Qb4+ 24. Qxb4 Rxb4 25. Bg2 Nf6 26. Re1 Bb7
27. Kc3 Rb6 28. Bxb7 Rxb7 29. Kd3 Nc6 30. g4 Rb8 31. g5 0-1

[Event "?"]
[Site "ICS Rated blitz match, 192.23"]
[Date "1997.??.??"]
[Round "?"]
[White "Brause"]
[Black "oldtimer"]
[Result "0-1"]
[WhiteElo "2560"]
[BlackElo "2335"]
[PlyCount "196"]

1. e4 e5 2. Nf3 Nc6 3. Nc3 Nf6 4. Nxe5 Nxe5 5. d4 Ng6 6. e5 Ng8 7. Bc4 d5 8.
Bxd5 c6 9. Be4 f5 10. Bf3 Bb4 11. O-O N8e7 12. Ne2 Be6 13. c3 Ba5 14. Nf4 Nxf4
15. Bxf4 O-O 16. Bg5 Bb6 17. a4 a5 18. g3 Re8 19. b3 h6 20. Be3 Qd7 21. Rc1
Red8 22. Bg2 Nd5 23. Bd2 Nc7 24. Re1 Na6 25. Re2 c5 26. Be3 cxd4 27. cxd4 Bd5
28. Bxd5+ Qxd5 29. Rd2 Nb4 30. Rc4 Rd7 31. Qc1 Rad8 32. Qe1 Qf3 33. Qf1 Nd5 34.
Qg2 Qxg2+ 35. Kxg2 Kf7 36. Kf3 Ke6 37. Rd1 Rc7 38. Rdc1 Rdc8 39. Rxc7 Rxc7 40.
Rc4 Rc6 41. Bd2 Bd8 42. Ke2 Kd7 43. Kd3 b6 44. Rxc6 Kxc6 45. Kc4 Be7 46. Bc1
Bb4 47. f3 Nc7 48. g4 fxg4 49. fxg4 Be7 50. Bb2 Nd5 51. Kd3 Kd7 52. Ke4 Ke6 53.
Kd3 Kd7 54. Ke4 Ke6 55. Kd3 Bg5 56. Ba3 g6 57. Ke4 b5 58. axb5 Nc3+ 59. Kd3
Nxb5 60. Bc5 Kd5 61. Bb6 Be7 62. Ke3 h5 63. h3 hxg4 64. hxg4 Bb4 65. Kd3 Bc3
66. g5 Bxd4 67. Bxa5 Bxe5 68. Bd2 Nc7 69. Ke2 Ke4 70. Kd1 Kd3 71. Ba5 Ne6 72.
Kc1 Nxg5 73. Kb1 Bc3 74. Bb6 Bb4 75. Bc7 Ne6 76. Be5 g5 77. Bf6 g4 78. Be5 Bc3
79. Bg3 Nd4 80. Bd6 Nxb3 81. Bc7 Nd4 82. Bg3 Ne2 83. Bb8 g3 84. Bxg3 Nxg3 85.
Ka2 Ne2 86. Kb3 Nd4+ 87. Ka3 Kc4 88. Ka4 Bd2 89. Ka3 Kb5 90. Ka2 Kb4 91. Kb2
Ka4 92. Ka2 Bc1 93. Kb1 Ba3 94. Ka2 Kb4 95. Ka1 Kb3 96. Kb1 Nb5 97. Ka1 Bb2+
98. Kb1 Nc3# 0-1

[Event "?"]
[Site "ICS Rated blitz match, 192.23"]
[Date "1997.??.??"]
[Round "?"]
[White "Brause"]
[Black "KarryGasparov"]
[Result "1-0"]
[WhiteElo "2520"]
[BlackElo "2595"]
[PlyCount "79"]

1. e4 e5 2. Nf3 Nf6 3. Nc3 Nc6 4. Nxe5 Nxe5 5. d4 Ng6 6. e5 Ng8 7. Bc4 d6 8.
Qf3 Qd7 9. O-O dxe5 10. dxe5 Nxe5 11. Re1 Bd6 12. Bf4 f6 13. Bb5 c6 14. Rad1
Qe6 15. Qg3 Kf8 16. Bxe5 Bxe5 17. f4 cxb5 18. fxe5 Qb6+ 19. Re3 Bf5 20. Rd6 Qc5
21. Rd5 Qc8 22. Qf4 Ne7 23. exf6 Nxd5 24. Nxd5 Qc5 25. Qe5 g6 26. b4 Qxe3+ 27.
Qxe3 Re8 28. Qh6+ Kf7 29. Qg7+ Ke6 30. Nc7+ Kd6 31. Nxe8+ Rxe8 32. f7 Rc8 33.
f8=Q+ Rxf8 34. Qxf8+ Kc7 35. Qe7+ Kc8 36. Qe8+ Kc7 37. g4 Bd7 38. Qe5+ Kd8 39.
Qh8+ Be8 40. Qxh7 1-0

[Event "?"]
[Site "ICS Rated blitz match, 192.23"]
[Date "1997.??.??"]
[Round "?"]
[White "Brause"]
[Black "GeorgeJohn"]
[Result "1-0"]
[WhiteElo "2525"]
[BlackElo "2385"]
[PlyCount "41"]

1. e4 e5 2. Nf3 Nc6 3. Nc3 Nf6 4. Nxe5 Nxe5 5. d4 Nc6 6. d5 Ne5 7. f4 Ng6 8. e5
Ng8 9. d6 cxd6 10. exd6 Qh4+ 11. g3 Qf6 12. Nb5 Kd8 13. Be3 b6 14. Nxa7 Qxb2
15. Rb1 Qxa2 16. Bxb6+ Ke8 17. Nb5 Rb8 18. Ra1 Qe6+ 19. Kf2 Rxb6 20. Nc7+ Kd8
21. Nxe6+ 1-0

[Event "?"]
[Site "ICS Rated blitz match, 192.23"]
[Date "1997.??.??"]
[Round "?"]
[White "Brause"]
[Black "KarryGasparov"]
[Result "1-0"]
[WhiteElo "2535"]
[BlackElo "2485"]
[PlyCount "55"]

1. e4 e5 2. Nf3 Nf6 3. Nc3 Nc6 4. Nxe5 Nxe5 5. d4 Nc6 6. d5 Ne5 7. f4 Ng6 8. e5
Ng8 9. d6 cxd6 10. exd6 Qf6 11. Nb5 Kd8 12. Be3 Nxf4 13. Qd2 Bxd6 14. Nxd6 Ne6
15. O-O-O Ne7 16. Qa5+ Nc7 17. Bg5 b6 18. Qd2 Qe6 19. Bc4 Qg4 20. Nxf7+ Ke8 21.
h3 Qh5 22. Nd6+ Kd8 23. Bxe7+ Kxe7 24. Nxc8+ Raxc8 25. Qd6+ Ke8 26. Qxd7+ Kf8
27. Rhf1+ Qf3 28. Rxf3# 1-0

[Event "?"]
[Site "ICS Rated blitz match, 192.23"]
[Date "1997.??.??"]
[Round "?"]
[White "Brause"]
[Black "CaptainSolo"]
[Result "1-0"]
[WhiteElo "2540"]
[BlackElo "2305"]
[PlyCount "77"]

1. e4 e5 2. Nf3 Nc6 3. Nc3 Nf6 4. Nxe5 Nxe5 5. d4 Ng6 6. e5 Ng8 7. Bc4 Bb4 8.
Qf3 f5 9. h4 N8e7 10. h5 Nf8 11. O-O d5 12. Nxd5 Nxd5 13. h6 g6 14. Bxd5 c6 15.
Bb3 Be6 16. Rd1 Bxb3 17. axb3 Qd5 18. Qxd5 cxd5 19. c3 Be7 20. Ra5 O-O-O 21.
Rxa7 Kb8 22. Ra4 Ne6 23. Bd2 g5 24. Rda1 Nc7 25. c4 dxc4 26. Rxc4 Nd5 27. Rca4
Nc7 28. Ba5 Rd5 29. Bb6 Na6 30. Ra5 Rxa5 31. Bxa5 Nc7 32. Bxc7+ Kxc7 33. d5 Rd8
34. d6+ Bxd6 35. exd6+ Rxd6 36. Ra5 Rf6 37. f3 g4 38. Kf2 b6 39. Ra7+ 1-0

[Event "?"]
[Site "ICS Rated blitz match, 192.23"]
[Date "1997.??.??"]
[Round "?"]
[White "Brause"]
[Black "oldtimer"]
[Result "1/2-1/2"]
[WhiteElo "2560"]
[BlackElo "2400"]
[PlyCount "187"]

1. e4 e5 2. Nf3 Nc6 3. Nc3 Nf6 4. Nxe5 Nxe5 5. d4 Ng6 6. e5 Ng8 7. Bc4 d5 8.
Bxd5 c6 9. Be4 f5 10. Bf3 Bb4 11. O-O Be6 12. a3 Bxc3 13. bxc3 N8e7 14. Bg5 h6
15. Be3 b5 16. a4 a6 17. axb5 axb5 18. Rxa8 Qxa8 19. Qb1 Qa3 20. Qa1 Qxa1 21.
Rxa1 Kf7 22. Ra7 Rc8 23. Bh5 Kg8 24. g3 Kh7 25. Be2 Nd5 26. Bd2 Rc7 27. Rxc7
Nxc7 28. h4 Ne7 29. h5 Kg8 30. Kf1 Bc4 31. Bd3 Kf7 32. Ke2 Ke6 33. f3 Kd5 34.
Be3 Ne6 35. f4 c5 36. dxc5 Nxc5 37. Bf2 Na4 38. Kd2 Kc6 39. Bg1 Be6 40. Bd4 Nb6
41. Be2 Nc4+ 42. Ke1 Bd5 43. Kf2 Be6 44. Ke1 Kd7 45. Bc5 Ke8 46. Kf2 Kf7 47.
Bd4 Bd5 48. g4 fxg4 49. Bxg4 Be6 50. Be2 Nf5 51. Bf3 b4 52. Be4 bxc3 53. Bxc3
g6 54. hxg6+ Kxg6 55. Be1 Nb6 56. Ba5 Nc4 57. Be1 Nce3 58. Kf3 Ba2 59. c3 Bc4
60. Bc6 Nd5 61. Be8+ Kg7 62. Ke4 Nde7 63. Bd2 Bd5+ 64. Kd3 Bc6 65. Bxc6 Nxc6
66. c4 h5 67. Be1 Kf7 68. Ke4 Ke6 69. Bf2 Na5 70. Kd3 Nb7 71. Ke4 Na5 72. Kd3
h4 73. Bxh4 Nxh4 74. Ke4 Nf5 75. Kd3 Nb3 76. Ke4 Nc5+ 77. Kf3 Nh6 78. Kg3 Kf5
79. Kf3 Ng4 80. e6 Nxe6 81. Kg3 Nc5 82. Kf3 Nf6 83. Kg3 Ke4 84. Kh4 Kxf4 85.
Kh3 Ne8 86. Kh4 Ng7 87. Kh3 Nf5 88. Kh2 Kg4 89. Kg2 Kf4 90. Kh2 Ke4 91. Kh1 Kf3
92. Kg1 Ne3 93. Kh2 Nxc4 94. Kh3 1/2-1/2

[Event "?"]
[Site "ICS Rated blitz match, 192.23"]
[Date "1997.??.??"]
[Round "?"]
[White "Brause"]
[Black "oldtimer"]
[Result "1-0"]
[WhiteElo "2500"]
[BlackElo "2475"]
[PlyCount "102"]

1. e4 e5 2. Nf3 Nc6 3. Nc3 Nf6 4. Nxe5 Nxe5 5. d4 Ng6 6. e5 Ng8 7. Bc4 d5 8.
Bxd5 c6 9. Be4 f5 10. Bf3 Bb4 11. O-O Be6 12. a3 Bxc3 13. bxc3 N8e7 14. Bg5 h6
15. Be3 O-O 16. Qd3 b5 17. Rfe1 Qd7 18. a4 a6 19. axb5 axb5 20. Rxa8 Rxa8 21.
g3 Ra3 22. h4 Nd5 23. Bxd5 Qxd5 24. c4 Rxd3 25. cxd5 Rxe3 26. Rxe3 Bxd5 27. h5
Nf8 28. Ra3 Ne6 29. c3 Kf7 30. f4 g5 31. hxg6+ Kxg6 32. Kf2 b4 33. cxb4 Nxd4
34. Rd3 Nb5 35. Ke3 Kh5 36. Rd2 Kg6 37. Kd3 Nc7 38. Kd4 Ne6+ 39. Ke3 Nc7 40.
Rh2 Na6 41. Rb2 Nc7 42. Kd4 Ne6+ 43. Kc3 Kh5 44. b5 c5 45. Rd2 Nd4 46. Rxd4
cxd4+ 47. Kxd4 Bf3 48. e6 Kg6 49. Ke5 Kg7 50. Kd6 Be2 51. b6 Ba6 1-0

[Event "?"]
[Site "ICS Rated blitz match, 192.23"]
[Date "1997.??.??"]
[Round "?"]
[White "Brause"]
[Black "oldtimer"]
[Result "0-1"]
[WhiteElo "2515"]
[BlackElo "2460"]
[PlyCount "128"]

1. e4 e5 2. Nf3 Nc6 3. Nc3 Nf6 4. Nxe5 Nxe5 5. d4 Ng6 6. e5 Ng8 7. Bc4 d5 8.
Bxd5 c6 9. Be4 f5 10. Bf3 Bb4 11. O-O Be6 12. a3 Bxc3 13. bxc3 N8e7 14. Bg5 h6
15. Be3 O-O 16. Qd3 b5 17. Rfe1 Bc4 18. Qd1 Nd5 19. Bd2 Nge7 20. a4 a6 21. Ra3
Nb6 22. axb5 axb5 23. Rxa8 Qxa8 24. g3 Qa2 25. Qb1 Qxb1 26. Rxb1 Ra8 27. g4 Be6
28. h3 Nc4 29. Be1 f4 30. Kf1 Bd5 31. Ke2 Ra2 32. Bxd5+ Nxd5 33. Kd3 Kf7 34. h4
g5 35. h5 Ke6 36. Bd2 Na3 37. Rc1 Nb6 38. Be1 Kd5 39. Bd2 Nbc4 40. Be1 Na5 41.
Bd2 Nb7 42. Be1 Nd8 43. f3 Ne6 44. Bf2 Nc4 45. Bg1 Nb2+ 46. Kd2 Kc4 47. Rb1 Na4
48. Rb4+ Kd5 49. Rb1 Ra3 50. Rb3 Ra1 51. Bf2 Nb6 52. Ke2 Nc4 53. Be1 Rc1 54.
Kf1 Rxc2 55. Kg1 Rc1 56. Kf2 Rc2+ 57. Kg1 Rb2 58. Rxb2 Nxb2 59. Kg2 Kc4 60. Bd2
Kd3 61. Be1 Nd1 62. Kf1 Nxc3 63. d5 Nxd5 64. Ba5 b4 0-1

[Event "?"]
[Site "ICS Rated blitz match, 192.23"]
[Date "1997.??.??"]
[Round "?"]
[White "Brause"]
[Black "oldtimer"]
[Result "1-0"]
[WhiteElo "2495"]
[BlackElo "2475"]
[PlyCount "94"]

1. e4 e5 2. Nf3 Nc6 3. Nc3 Nf6 4. Nxe5 Nxe5 5. d4 Ng6 6. e5 Ng8 7. Bc4 d5 8.
Bxd5 c6 9. Be4 f5 10. Bf3 Bb4 11. O-O Be6 12. a3 Bxc3 13. bxc3 N8e7 14. Bg5 h6
15. Be3 O-O 16. Qd3 b5 17. Rfe1 Bc4 18. Qd1 Nd5 19. Bd2 Nge7 20. Be2 Bxe2 21.
Qxe2 Nb6 22. Rab1 Qd5 23. Rb3 Qe6 24. Qf3 Ned5 25. Bf4 g5 26. Bc1 Qg6 27. Qd3
Kh7 28. Rb1 a6 29. Rd1 f4 30. Bb2 Nc4 31. h3 Ndb6 32. Bc1 Rad8 33. Re1 Rfe8 34.
Ra1 Nd5 35. a4 Ncb6 36. axb5 axb5 37. Ra7+ Re7 38. Rxe7+ Nxe7 39. h4 Ned5 40.
hxg5 hxg5 41. Bd2 Nc4 42. Bc1 Kg7 43. g3 Rf8 44. e6 fxg3 45. Qxg3 Kh6 46. Qh4+
Qh5 47. e7 Re8 1-0

[Event "?"]
[Site "ICS Rated blitz match, 192.23"]
[Date "1997.??.??"]
[Round "?"]
[White "Brause"]
[Black "K6-Krafty"]
[Result "0-1"]
[WhiteElo "2490"]
[BlackElo "2715"]
[PlyCount "130"]

1. e4 e5 2. Nf3 Nc6 3. Nc3 Nf6 4. Nxe5 Nxe5 5. d4 Ng6 6. e5 Ng8 7. Bc4 c6 8.
Qe2 Qb6 9. Qf3 f5 10. Qd3 d6 11. O-O d5 12. Na4 dxc4 13. Nxb6 cxd3 14. Nxa8
dxc2 15. Re1 N8e7 16. Bd2 b6 17. Rac1 Nd5 18. Rxc2 Bb7 19. Nxb6 axb6 20. g3 Bb4
21. Bxb4 Nxb4 22. Rc4 Nd5 23. a4 Kd7 24. f4 Nge7 25. Kf2 Ba6 26. Rcc1 Nb4 27.
Red1 Nd3+ 28. Rxd3 Bxd3 29. Rc3 Be4 30. Rc4 g6 31. h3 Ra8 32. b3 Nd5 33. Rc1
Rc8 34. Ra1 Bc2 35. Ra3 Ke6 36. Kf3 Nb4 37. Kf2 Rd8 38. a5 bxa5 39. Ke3 Rd5 40.
h4 Bd1 41. Kd2 Rxd4+ 42. Kc1 Rd3 43. Rxa5 Bxb3 44. Kb2 Rxg3 45. Ra8 Bd5 46.
Re8+ Kd7 47. Ra8 Rg2+ 48. Kb1 Be4+ 49. Ka1 Nd3 50. Rb8 Rg1+ 51. Rb1 Rxb1+ 52.
Kxb1 Nxe5+ 53. Kb2 Nd3+ 54. Kc3 Nxf4 55. Kd4 h5 56. Ke3 Ng2+ 57. Ke2 f4 58. Kf2
c5 59. Ke2 f3+ 60. Kf2 c4 61. Kg3 c3 62. Kf2 c2 63. Kg3 c1=Q 64. Kh3 Qh1+ 65.
Kg3 Qxh4# 0-1

[Event "?"]
[Site "ICS Rated blitz match, 192.23"]
[Date "1997.??.??"]
[Round "?"]
[White "Brause"]
[Black "jm-2460IM"]
[Result "0-1"]
[WhiteElo "2605"]
[BlackElo "2430"]
[PlyCount "73"]

1. e4 e5 2. Nf3 Nc6 3. Nc3 Nf6 4. Nxe5 Nxe5 5. d4 Ng6 6. e5 Ng8 7. Bc4 d5 8.
Bxd5 c6 9. Be4 N8e7 10. O-O Bf5 11. g4 Bxe4 12. Nxe4 Nc8 13. f4 Qd5 14. Nc3 Qc4
15. f5 Nge7 16. Bg5 Nd5 17. Nxd5 Qxd5 18. f6 g6 19. c3 h5 20. gxh5 Rxh5 21. Qg4
Qe6 22. Qxe6+ fxe6 23. f7+ Kd7 24. h4 Ne7 25. Rf2 Nf5 26. Bf6 Be7 27. Rc2 Bxf6
28. exf6 Rf8 29. Rg2 Nxh4 30. Rg4 Rxf7 31. Rf1 Rh6 32. Rff4 Nf5 33. Re4 Rxf6
34. Kg2 Nd6 35. Re3 Rf5 36. Reg3 Rfh5 37. Rxg6 0-1

[Event "?"]
[Site "ICS Rated blitz match, 192.23"]
[Date "1997.??.??"]
[Round "?"]
[White "Brause"]
[Black "jm-2460IM"]
[Result "1-0"]
[WhiteElo "2580"]
[BlackElo "2455"]
[PlyCount "23"]

1. e4 e5 2. Nf3 Nc6 3. Nc3 Nf6 4. Nxe5 Nxe5 5. d4 Nc6 6. d5 Nb4 7. a3 Na6 8. e5
Ng8 9. Qf3 d6 10. Bb5+ Bd7 11. e6 fxe6 12. dxe6 1-0

[Event "?"]
[Site "ICS Rated blitz match, 192.23"]
[Date "1997.??.??"]
[Round "?"]
[White "Brause"]
[Black "jm-2460IM"]
[Result "1-0"]
[WhiteElo "2590"]
[BlackElo "2445"]
[PlyCount "61"]

1. e4 e5 2. Nf3 Nc6 3. Nc3 Nf6 4. Nxe5 Nxe5 5. d4 Ng6 6. e5 Ng8 7. Bc4 d5 8.
Bxd5 c6 9. Be4 N8e7 10. O-O Bf5 11. g4 Bxe4 12. Nxe4 Nc8 13. f4 Qd5 14. Nc3 Qc4
15. f5 Nge7 16. a3 Nd5 17. Ne4 Ndb6 18. f6 g6 19. b3 Qd5 20. c4 Qxe4 21. Rf4
Qxf4 22. Bxf4 Nd7 23. d5 Bc5+ 24. Kh1 cxd5 25. Qxd5 Ncb6 26. Qxb7 O-O 27. Rd1
Bxa3 28. Rxd7 Nxd7 29. Qxd7 Rfe8 30. Qb7 a5 31. e6 1-0

[Event "?"]
[Site "ICS Rated blitz match, 192.23"]
[Date "1997.??.??"]
[Round "?"]
[White "Brause"]
[Black "humanoid"]
[Result "1-0"]
[WhiteElo "2605"]
[BlackElo "2435"]
[PlyCount "97"]

1. e4 e5 2. Nf3 Nc6 3. Nc3 Nf6 4. Nxe5 Nxe5 5. d4 Ng6 6. e5 Ng8 7. Bc4 Bb4 8.
Qf3 Bxc3+ 9. bxc3 d5 10. exd6 Nf6 11. Qe2+ Kd7 12. dxc7 Qe7 13. Qxe7+ Kxe7 14.
Bg5 h6 15. Bxf6+ Kxf6 16. O-O Re8 17. d5 Ne5 18. Bb3 Bd7 19. d6 b5 20. Bd5 Rac8
21. Bb7 Nc4 22. Rad1 Nb6 23. Bxc8 Nxc8 24. Rd2 Re6 25. Rfd1 Re4 26. Rd3 Re6 27.
Kf1 Re5 28. h4 g5 29. hxg5+ hxg5 30. Rd4 Re6 31. f3 Re5 32. Kf2 Re6 33. a3 Kg6
34. c4 bxc4 35. Rxc4 f5 36. Rcd4 Kf6 37. c4 Re5 38. Rh1 Kg7 39. Rc1 Rc5 40. Re1
Kf7 41. Rh1 Kg7 42. Ke3 Nb6 43. Rc1 Nc8 44. g3 Nb6 45. Kd3 Nc8 46. Rd1 Kf7 47.
Kc3 a5 48. R1d2 Kg7 49. Rd5 1-0